Riconosci la Squadra di calcio - Quiz n°295 - Statistics

Statistiche generali
  • Questo quiz è stato fatto 4 volte
  • Il punteggio medio è 4 su 9
Statistiche sulle risposte
Indizio Risposta % Corretto
Titoli nazionali 1 Campionato inglese di seconda divisione
100%
Colori sociali Arancione
100%
Capienza Stadio 17 338 posti
67%
Divisione nazionale 2023-2024 Terza
67%
Confederazione UEFA
67%
Fondazione 1887
0%
Trofei internazionali 1 Coppa Anglo-Italiana
0%
Trofei nazionali 1 Coppa d'Inghilterra
0%
Squadra Blackpool
0%
Nessun quiz corrispondente trovato
Distribuzione punteggi
Percentuale di utenti per punteggio
Percentile per numero di risposta
I tuoi punteggi nel tempo
Non hai fatto questo quiz